000 00480nam a2200169 i 4500
001 94250
003 ES-MaACL
005 20230906181433.0
007 t|
008 050810s1910 fr ||||1| fre d
100 1 _aJoseph-Renaud, Jean.
_966987
245 1 3 _aUn amateur de mystères /
_cJ. Joseph-Renaud, d'après l'anglais de E. Orczy.
260 _aParis :
_bPierre Lafitte,
_c[1910]
300 _a333 p. ;
_c19 cm.
700 1 _aOrczy, E.
_987168
852 _aES-MaACL
_jD-1490
999 _c94250
_d94250